Catálogo
 En Linea

D. Juan Ruiz de Alarcón y Mendoza : (Registro nro. 20718)

Detalles MARC
000 -CABECERA
campo de control de longitud fija 00946nam a2200205 a 4500
001 - NÚMERO DE CONTROL
campo de control 000021217
005 - FECHA Y HORA DE LA ÚLTIMA TRANSACCIÓN
campo de control 20200930011250.0
008 - DATOS DE LONGITUD FIJA--INFORMACIÓN GENERAL
campo de control de longitud fija 100902s1989 dr 001 0 spa d
040 ## - FUENTE DE LA CATALOGACIÓN
Centro catalogador/agencia de origen DO-SdBNP
Lengua de catalogación spa
Centro/agencia transcriptor BNPHU
082 ## - NÚMERO DE LA CLASIFICACIÓN DECIMAL DEWEY
Número de clasificación xxxx
Número de documento/Ítem F363J
049 1# - FONDOS LOCALES (OCLC)
Fondos de biblioteca BNPD
100 1# - ENTRADA PRINCIPAL--NOMBRE DE PERSONA
Nombre de persona Fernández-Guerra y Orbe, Luis
9 (RLIN) 44347
245 10 - MENCIÓN DE TÍTULO
Título D. Juan Ruiz de Alarcón y Mendoza :
Resto del título extracto con nuevos documentos y datos /
Mención de responsabilidad, etc. Luis Fernández -Guerra y Orbe ; presentación José Francisco Ruíz Massieu.
250 ## - MENCIÓN DE EDICIÓN
Mención de edición Alfonso Teja Zabre
260 ## - PUBLICACIÓN, DISTRIBUCIÓN, ETC.
Lugar de publicación, distribución, etc. Santo Domingo :, :
Nombre del editor, distribuidor, etc. ONAP,
Fecha de publicación, distribución, etc. 1989.
300 ## - DESCRIPCIÓN FÍSICA
Extensión vii, 195 p. :
Otras características físicas il. ;
Dimensiones 21 cm.
500 ## - NOTA GENERAL
Nota general Reproducción facsimilar dispuesta por el gobiertno dominicano con ocasión de la semana conmemorativa para exaltar a D. Juan Ruiz de Alarcón y Mendoza previa autorización de la embajada mexicana acreditada en la república
700 1# - PUNTO DE ACCESO ADICIONAL--NOMBRE DE PERSONA
Nombre de persona Ruíz Massieu, José Francisco
9 (RLIN) 44348
700 1# - PUNTO DE ACCESO ADICIONAL--NOMBRE DE PERSONA
Nombre de persona Teja Zabre, Alfonso
Término indicativo de función/relación ed.
9 (RLIN) 44349
Existencias
Estado de retiro Estado de pérdida Restricciones de uso No para préstamo Código de colección Localización permanente Ubicación/localización actual Ubicación en estantería Fecha de adquisición Número de inventario Total de préstamos Signatura topográfica completa Código de barras Fecha visto por última vez Número de copia Precio válido a partir de Tipo de ítem Koha
        Dominicana de Servicio General General En catalogación 02.09.2010 LF1   xxxx F363J 21217-30 25.06.2020 e. 3 25.06.2020 Libro y Folleto Colección Dominicana de Servicio
        Dominicana de Servicio General General En catalogación 03.09.2010 LF1   xxxx F363J 21217-40 25.06.2020 e. 4 25.06.2020 Libro y Folleto Colección Dominicana de Servicio
        Dominicana de Servicio General General En catalogación 28.03.2011 LF1   xxxx F363J 21217-70 25.06.2020 e. 5 25.06.2020 Libro y Folleto Colección Dominicana de Servicio
      Excluido de préstamo Patrimonio Dominicano Patrimonio Dominicano Patrimonio Dominicano En catalogación 02.09.2010 LF1   xxxx F363J 21217-10 25.06.2020   25.06.2020 Libro y Folleto Colección Patrimonio Dominicano
      Excluido de préstamo Patrimonio Dominicano Patrimonio Dominicano Patrimonio Dominicano En catalogación 02.09.2010 LF1   xxxx F363J 21217-20 25.06.2020 e. 2 25.06.2020 Libro y Folleto Colección Patrimonio Dominicano

Con tecnología Koha